000 01707nam a2200253Ia 4500
003 Ost
005 20260507075410.0
008 260507s9999||||xx |||||||||||||| ||und||
020 _a60011800977
040 _cfsecg
041 _aara
082 _a600
100 _aهندريكسن، إلدون س
_eمؤلف
245 0 _aالنظرية المحاسبية /
_c إلدون س هندريكسن
250 _aطبعة 4
260 _aالاسكندرية:
_bجامعة الإسكندرية,
_c1990
300 _a801 صفحة؛
_bإيضاحات ؛
_c24 سم
504 _aالطبعةالإنجليزية1982
520 _aيضم مناهج النظرية المحاسبية، تطور النظرية المحاسبية، المدخل الاستنباطي المعياري، أسواق رأس المال الكفاءة، استخدام الافراد للمحاسبة والتشغيل الذهني للمعلومات، السياسة المحاسبية، مفاهيم الدخل لأغراض التقارير المالية، الايرادات والمصروفات المكاسب والخسائر، التقرير عن آثار تغيرات الأسعار، الأصول وقياسها، الأصول الجارية والالتزامات الجارية، المخزون، الأصول الثابثة، الاستهلاك، الأصول غير الملموسة والاستثمارات غير الجارية، الالتزامات وقياسها، حقوق الملكية، الافصاح في التقارير المالية
653 _aالمحاسبة
653 _aالمحاسبة- نظريات
700 _aخليفة، أبو زيد كمال
_eمؤلف ثانوي
942 _cكتاب
999 _c44377
_d44377